000 00482nam a22001817a 4500
003 MPLRDC
005 20220104162324.0
008 210129b ||||| |||| 00| 0 eng d
020 _a7-5043-4943-9
082 _a495 STZZ
100 _a山田真哉
245 _a卖竹竿的小贩为什么不会倒?
_c赵博译
250 _a一版一刷
260 _a中国
_b中国广播电视出版社
_c2007
300 _b
650 _a商学总论--会计
942 _cBK
_o495 STZZ
999 _c55911
_d55901